| 000 | 00760nam a22002651 4500 | ||
|---|---|---|---|
| 001 | 4533906 | ||
| 003 | SISC | ||
| 005 | 20160406134232.0 | ||
| 008 | 731212s1966 nyu b 000 0 eng | ||
| 010 | _a 66026772 | ||
| 040 |
_aDLC _cDLC _dDLC |
||
| 043 | _an-us--- | ||
| 050 | 0 | 0 |
_aHB 501 _b.R25 1967 |
| 082 | 0 | 0 |
_aHS 330.12 _bR15 1966 |
| 100 | 1 |
_aRand, Ayn. _911912 |
|
| 245 | 1 | 0 |
_aCapitalism, the unknown ideal / _cAyn Rand. |
| 260 |
_a[New York : _bSignet Book, _cc1966. |
||
| 300 |
_a349 p. : _c18 cm. |
||
| 650 | 0 |
_aCapitalism. _91477 |
|
| 651 | 0 |
_aUnited States _xEconomic conditions _y1945- _911913 |
|
| 651 | 0 |
_aUnited States _xMoral conditions. _911914 |
|
| 906 |
_a7 _bcbc _corignew _du _eocip _f19 _gy-gencatlg |
||
| 942 |
_2lcc _cBK |
||
| 999 |
_c8942 _d8942 |
||